000 00415cam a2200181ua 4500
001 10690
005 20260515114642.0
008 190327n ii |||gr||||Z||||||eng
020 _a9789327257854
040 _cMAIN
082 _a338.5
100 _aP N Chopra,
_eAuthor.
245 _aMicro economics
260 _aLudhiana:
_bKalyani publishers,
_c2015.
300 _a858p.
653 _aProduction
942 _cBK
999 _c9651
_d9651